000
00236nam a22001217a 4500
040
_c
HS
082
_a
195
100
_a
NA
245
_a
Emission estimation technique manual
260
_a
NA
_b
NA
_c
1999
300
_a
11p;
942
_c
EK
999
_c
10270
_d
10270